000 01175nam a2200325 i 4500
001 000022596
003 DO-SdBNP
005 20241125094248.0
007 ta
008 101013s1993 dr a 000 0 spa d
040 _aDO-SdBNP
_bspa
_cBNPHU
_erda
041 _aspa
082 4 _a269.2
_bG216p
_222
100 1 _aGarcía, Láutico,
_d1923-
_eautor
_4aut.
_946503
245 1 3 _aLa primera evangelización de América Latina /
_cLautico García, S. J.
264 4 _aSanto Domingo, República Dominicana :
_bFundación Manuel Arturo Peña Batlle,
_c©1993.
300 _avolumen :
_bilustraciones ;
_c23 cm.
336 _atexto
_btxt
_2rdacontent
337 _asin mediación
_bn
_2rdamedia
338 _avolumen
_bnc
_2rdacarrier
500 _aLa biblioteca posee el volumen 3.
500 _aIncluye datos biográficos del autor en las solapas
504 _aBibliografía: p. 279
590 _aInventariado, 2018/ YL
650 4 _aEvangelización
_zAmérica Latina
_xHistoria
_946504
651 4 _aAmérica Latina
_xHistoria
_xIglesia
_946505
651 4 _aHistoria Eclesiástica
_zAmérica Latina
_946506
910 _aValidado. Control de calidad MFF
942 _2ddc
_cLBS1
999 _c22093
_d22093